Kontext v právnickom a ekonomickom preklade

Potreba komunikácie vo všetkých oblastiach života spločnosti. Pozitívnosť jazykovej komunikácie. Vzťah terminológie s pojmami a obsahmi cudzieho jazyka.

Enregistré dans:
Détails bibliographiques
Auteur principal: Lapšanský, Ladislav
Format: Chapitre de livre
Langue:slovaque
Sujets:
Tags: Ajouter un tag
Pas de tags, Soyez le premier à ajouter un tag!

MARC

LEADER 00000naa$a2200000$$$4500
001 0051096
005 20240502071608.1
041 0 |a slo 
044 |a SK 
245 1 0 |a Kontext v právnickom a ekonomickom preklade  |c Ladislav Lapšanský 
520 |a Potreba komunikácie vo všetkých oblastiach života spločnosti. Pozitívnosť jazykovej komunikácie. Vzťah terminológie s pojmami a obsahmi cudzieho jazyka. 
610 2 0 |a jazyky cudzie 
610 2 0 |a komunikácia 
610 2 0 |a prekladatelia 
610 2 0 |a terminológia 
610 2 0 |a slovníky 
100 1 |a Lapšanský, Ladislav